Cultura organizacional & estilos de direccin̤ orientados al mercado

Detalles Bibliográficos
Autor principal: Pr̀amo Morales, Dagoberto
Otros Autores: Ramr̕ez Plazas, Ela̕s
Formato: eBook
Lenguaje:español
Publicado: Bogot ̀: ECOE, 2009.
Materias:
Acceso en línea:Acceso restringido

MARC

LEADER 00000nam a22000007a 4500
005 2011091503323.0
008 110915t2009 ck ||||s|||| 00| 0 spa d
020 |a 978-958-648-587-6  
035 |a 4832 
040 |a vLex 
090 |c 2460  |d 2460 
100 1 |a Pr̀amo Morales, Dagoberto 
245 1 0 |a Cultura organizacional & estilos de direccin̤ orientados al mercado  |h [Recurso electrn̤ico] /  |c Dagoberto Pr̀amo Morales, Ela̕s Ramr̕ez Plazas  
256 |a Servicio en ln̕ea. 
260 |a Bogot ̀:  |b ECOE,  |c 2009. 
300 |a 1 recurso electrn̤ico 
506 1 |a Contenido solo disponible en los productos indicados  |d vLex Global  |d vLex Global (Academic Edition, excluding Law Schools)  |d vLex Global (U.S. Academic Edition, Law Schools)  |d vLex Global (U.S. Academic Edition, excluding Law Schools)  |d vLex Global (Academic Edition, Law Schools) 
650 |a Cultura organizativa  |z Colombia 
700 1 |a Ramr̕ez Plazas, Ela̕s 
740 0 |a vLex Libros (Servicio en ln̕ea) 
856 4 0 |u http://vlex.com/source/cultura-organizacional-estilos-direccion-orientados-mercado-4832  |z Acceso restringido 
942 |c BOOK